[Event "EWICC 2019"]
[Site "Antalya"]
[Date "2019.04.13"]
[Round "3.19"]
[White "Gaponenko, Inna"]
[Black "Belenkaya, Dina"]
[Result "1-0"]
[WhiteElo "2428"]
[BlackElo "2297"]
[Annotator "NA"]
[PlyCount "61"]
[EventDate "2019.04.11"]
[EventType "swiss"]
[EventCountry "TUR"]
[SourceTitle "playchess.com"]
[Source "ChessBase"]
[SourceQuality "1"]

1. e4 c6 2. d4 d5 3. e5 c5 4. dxc5 e6 5. Nf3 Bxc5 6. Bd3 Ne7 7. O-O Ng6 8. a3 O-O 9. Ng5 Be7 10. Qh5 Bxg5 11. Bxg5 Qb6 12. Nd2 Nd7 13. Nf3 Re8 14. Be3 Qc7 15. Ng5 Ndf8 16. f4 Qe7 17. Rf3 h6 18. Rh3 d4 19. Bd2 a5 20. Ne4 b6 21. g4 Bb7 22. g5 Bxe4 23. Bxe4 hxg5 24. fxg5 Qc5 25. Rf1 d3+ 26. Be3 Qxc2 27. Bxg6 Nxg6 28. Qh7+ Kf8 29. Qxg6 Ke7 30. Qxf7+ Kd8 31. Bxb6+ 1-0

[Event "EWICC 2019"]
[Site "Antalya"]
[Date "2019.04.13"]
[Round "3.20"]
[White "Worek, Joanna"]
[Black "Bodnaruk, Anastasia"]
[Result "1-0"]
[WhiteElo "2299"]
[BlackElo "2427"]
[Annotator "TA"]
[PlyCount "129"]
[EventDate "2019.04.11"]
[EventType "swiss"]
[EventCountry "TUR"]
[SourceTitle "playchess.com"]
[Source "ChessBase"]
[SourceQuality "1"]

1. e4 c5 2. Nf3 d6 3. d4 cxd4 4. Qxd4 a6 5. c4 Nc6 6. Qe3 g6 7. Be2 Bg7 8. O-O Bg4 9. Rd1 Bxf3 10. Bxf3 e5 11. Nc3 Nd4 12. Rb1 Ne7 13. Ne2 Nec6 14. b3 O-O 15. Bb2 b5 16. Nxd4 exd4 17. Qe2 Qb6 18. Rbc1 Rac8 19. Bg4 Rc7 20. Bh3 b4 21. g3 Qc5 22. Bg2 a5 23. h4 a4 24. Qd2 Ra7 25. Bf1 Rfa8 26. Bd3 axb3 27. axb3 Ra2 28. Ra1 Rxa1 29. Bxa1 Ra3 30. Rb1 Qa7 31. Qd1 Na5 32. Kg2 Nb7 33. Bb2 Ra2 34. h5 Nc5 35. h6 Be5 36. Kg1 Qb7 37. Bf1 Qxe4 38. Ra1 Rxa1 39. Qxa1 Bf6 40. Qa5 Kf8 41. Qxb4 Be5 42. Ba3 Ke7 43. Qa5 Nd7 44. c5 dxc5 45. Bxc5+ Nxc5 46. Qxc5+ Kf6 47. Qf8 Kg5 48. Qxf7 Kxh6 49. Qf8+ Bg7 50. Qd8 Be5 51. f4 Qe3+ 52. Kh2 Bxf4 53. Qh4+ Kg7 54. Qxf4 Qxb3 55. Qxd4+ Kh6 56. Bc4 Qc2+ 57. Kh3 Qf5+ 58. Kg2 Qc2+ 59. Kf3 Qb1 60. Qf4+ Kg7 61. Qf7+ Kh6 62. Qf8+ Kh5 63. g4+ Kg5 64. Qf4+ Kh4 65. Qh6# 1-0

[Event "EWICC 2019"]
[Site "Antalya"]
[Date "2019.04.13"]
[Round "3.21"]
[White "Zawadzka, Jolanta"]
[Black "Maltsevskaya, Aleksandra"]
[Result "1/2-1/2"]
[WhiteElo "2418"]
[BlackElo "2296"]
[Annotator "NA RC"]
[PlyCount "80"]
[EventDate "2019.04.11"]
[EventType "swiss"]
[EventCountry "TUR"]
[SourceTitle "playchess.com"]
[Source "ChessBase"]
[SourceQuality "1"]

1. e4 c5 2. Nf3 e6 3. d4 cxd4 4. Nxd4 Nf6 5. Nc3 Nc6 6. Ndb5 Bb4 7. a3 Bxc3+ 8. Nxc3 d5 9. exd5 exd5 10. Bd3 O-O 11. O-O d4 12. Ne2 Bg4 13. f3 Bh5 14. Bg5 Bg6 15. Qd2 Re8 16. Rad1 Re5 17. f4 Re8 18. Bxg6 hxg6 19. Nxd4 Nxd4 20. Bxf6 gxf6 21. Qxd4 Qxd4+ 22. Rxd4 Re2 23. Rc1 Rc8 24. Rd7 b6 25. b4 a5 26. bxa5 bxa5 27. Rd5 Rc4 28. f5 g5 29. Kf1 Re3 30. Rxa5 Rf4+ 31. Kg1 Re2 32. Rf1 Rd4 33. Kh1 Rdd2 34. Rg1 Rxc2 35. h3 Ra2 36. Kh2 Kg7 37. Ra4 Rf2 38. Ra5 Rfe2 39. Ra4 Rf2 40. Ra5 Rfe2 1/2-1/2

[Event "EWICC 2019"]
[Site "Antalya"]
[Date "2019.04.13"]
[Round "3.22"]
[White "Buksa, Nataliya"]
[Black "Calzetta Ruiz, Monica"]
[Result "1-0"]
[WhiteElo "2407"]
[BlackElo "2283"]
[Annotator "NA"]
[PlyCount "115"]
[EventDate "2019.04.11"]
[EventType "swiss"]
[EventCountry "TUR"]
[SourceTitle "playchess.com"]
[Source "ChessBase"]
[SourceQuality "1"]

1. e4 c5 2. Nf3 d6 3. d4 cxd4 4. Nxd4 Nf6 5. Nc3 g6 6. Be3 Bg7 7. Qd2 Ng4 8. Bg5 Nc6 9. Nb3 h6 10. Bf4 Be6 11. f3 Nge5 12. Nd5 Rc8 13. Be3 h5 14. Be2 O-O 15. O-O Nd7 16. c4 a5 17. Rab1 a4 18. Nc1 Nc5 19. b3 axb3 20. axb3 Ra8 21. b4 Na4 22. Rb3 Kh7 23. h3 Qd7 24. Ra3 Bxd5 25. exd5 Nd8 26. Nd3 e6 27. dxe6 Nxe6 28. Nf2 Rfd8 29. Rd1 Qc6 30. Ne4 Be5 31. b5 Qc7 32. f4 Nxf4 33. Bxf4 Nc5 34. Ng5+ Kg7 35. Rxa8 Rxa8 36. Nf3 Ne4 37. Qe3 Bxf4 38. Qxe4 Bg3 39. Qd4+ Kg8 40. Bf1 Ra2 41. Rd2 Ra8 42. Re2 Qa5 43. Re7 b6 44. Qd5 Rf8 45. Ng5 Qa3 46. Rxf7 Qc5+ 47. Qxc5 dxc5 48. Rxf8+ Kxf8 49. Ne4 Bh4 50. g3 Bd8 51. h4 Ke7 52. Bh3 Bc7 53. Kf2 Be5 54. Kf3 Kf7 55. Ng5+ Kf6 56. Ne6 Bc3 57. Nf4 Ba5 58. Bd7 1-0

[Event "EWICC 2019"]
[Site "Antalya"]
[Date "2019.04.13"]
[Round "3.23"]
[White "Garifullina, Leya"]
[Black "Guseva, Marina"]
[Result "1/2-1/2"]
[WhiteElo "2085"]
[BlackElo "2404"]
[Annotator "NA"]
[PlyCount "80"]
[EventDate "2019.04.11"]
[EventType "swiss"]
[EventCountry "TUR"]
[SourceTitle "playchess.com"]
[Source "ChessBase"]
[SourceQuality "1"]

1. e4 c6 2. Nc3 d5 3. Nf3 Bg4 4. Be2 e6 5. d4 Bb4 6. e5 Ne7 7. a3 Bxc3+ 8. bxc3 Nd7 9. a4 c5 10. O-O O-O 11. Rb1 Qc7 12. Nh4 Bxe2 13. Qxe2 Nb6 14. Qb5 cxd4 15. cxd4 Rab8 16. Ba3 Nc4 17. Bc1 a6 18. Qb3 b5 19. axb5 Rxb5 20. Qa2 Ra5 21. Qb3 Rb5 22. Qa2 Rxb1 23. Qxb1 a5 24. Nf3 Rb8 25. Qa1 Nc8 26. Ba3 N8b6 27. Bc5 Ra8 28. Rb1 h6 29. h3 a4 30. Qa2 Qc6 31. Ne1 Nd7 32. Bb4 f6 33. exf6 Nxf6 34. Nd3 Ne4 35. f3 Nf6 36. Re1 Nd7 37. c3 a3 38. Qe2 Ra6 39. Ra1 Qa4 40. Qa2 Qb5 1/2-1/2

[Event "EWICC 2019"]
[Site "Antalya"]
[Date "2019.04.13"]
[Round "3.24"]
[White "Sedina, Elena"]
[Black "Milliet, Sophie"]
[Result "1/2-1/2"]
[WhiteElo "2271"]
[BlackElo "2394"]
[Annotator "NA"]
[PlyCount "44"]
[EventDate "2019.04.11"]
[EventType "swiss"]
[EventCountry "TUR"]
[SourceTitle "playchess.com"]
[Source "ChessBase"]
[SourceQuality "1"]

1. e4 e5 2. Bc4 Nf6 3. d3 c6 4. Nf3 d5 5. Bb3 Bb4+ 6. Bd2 a5 7. a3 Bxd2+ 8. Nbxd2 a4 9. Ba2 dxe4 10. Nxe5 O-O 11. dxe4 Qd4 12. Nd3 Nxe4 13. O-O Nxd2 14. Qxd2 Bf5 15. Rad1 Bxd3 16. Qc1 Ra5 17. Rxd3 Qb6 18. Qf4 g6 19. Qf6 Qc7 20. Re1 Rf5 21. Qd4 Na6 22. Rde3 Rf4 1/2-1/2

[Event "EWICC 2019"]
[Site "Antalya"]
[Date "2019.04.13"]
[Round "3.25"]
[White "Melia, Salome"]
[Black "Abdulla, Khayala"]
[Result "0-1"]
[WhiteElo "2393"]
[BlackElo "2228"]
[Annotator "NA"]
[PlyCount "60"]
[EventDate "2019.04.11"]
[EventType "swiss"]
[EventCountry "TUR"]
[SourceTitle "playchess.com"]
[Source "ChessBase"]
[SourceQuality "1"]

1. e4 c5 2. Nf3 e6 3. d4 cxd4 4. Nxd4 Nc6 5. Nc3 Qc7 6. Be3 a6 7. Qf3 Nf6 8. O-O-O Bb4 9. Nxc6 Bxc3 10. Nd4 Bb4 11. Bf4 e5 12. Bg3 d6 13. Nf5 Bxf5 14. exf5 Rc8 15. Bd3 O-O 16. a3 Bxa3 17. bxa3 Qc3 18. Rde1 Rfe8 19. Be4 Nxe4 20. Qxe4 d5 21. Qe2 Qxa3+ 22. Kd1 Qa1+ 23. Kd2 Qc3+ 24. Kd1 Rc4 25. Qd3 Rd4 26. Qxd4 Qxd4+ 27. Kc1 f6 28. Rd1 Qc3 29. Rhe1 Rc8 30. Re2 Rc5 0-1

[Event "EWICC 2019"]
[Site "Antalya"]
[Date "2019.04.13"]
[Round "3.26"]
[White "Goryachkina, Aleksandra"]
[Black "Anacoglu, Cisel"]
[Result "1-0"]
[WhiteElo "2534"]
[BlackElo "1958"]
[Annotator "ChessBase"]
[PlyCount "81"]
[EventDate "2019.04.11"]
[EventType "swiss"]
[EventCountry "TUR"]
[SourceTitle "playchess.com"]
[Source "ChessBase"]
[SourceQuality "1"]

1. d4 Nf6 2. c4 g6 3. Nc3 Bg7 4. e4 d6 5. f3 O-O 6. Be3 Nc6 7. Nge2 a6 8. Qd2 Rb8 9. Rc1 Bd7 10. Nd1 e5 11. d5 Ne7 12. Nf2 Ne8 13. g4 f5 14. gxf5 gxf5 15. Bg5 Nf6 16. Rg1 Rf7 17. Ng3 c5 18. Bd3 Qc8 19. Kd1 f4 20. Ne2 b5 21. Kc2 Qb7 22. Kb1 bxc4 23. Bxc4 a5 24. Ka1 Qb4 25. Qc3 Nc8 26. Nd3 Qxc3 27. bxc3 Nb6 28. Rb1 Bc8 29. Bb5 Nfd7 30. c4 Nf8 31. Rb2 Bd7 32. Ba6 Ba4 33. Rgb1 Nfd7 34. Nc3 Ra8 35. Rxb6 Nxb6 36. Rxb6 Be8 37. Rxd6 Bf8 38. Rb6 Rg7 39. h4 Bh5 40. d6 h6 41. Bf6 1-0

[Event "EWICC 2019"]
[Site "Antalya"]
[Date "2019.04.13"]
[Round "3.27"]
[White "Gevorgyan, Maria"]
[Black "Cornette, Deimante"]
[Result "1-0"]
[WhiteElo "2256"]
[BlackElo "2464"]
[Annotator "ChessBase"]
[PlyCount "67"]
[EventDate "2019.04.11"]
[EventType "swiss"]
[EventCountry "TUR"]
[SourceTitle "playchess.com"]
[Source "ChessBase"]
[SourceQuality "1"]

1. e4 c5 2. Nc3 Nc6 3. Bb5 Nd4 4. Nf3 a6 5. Bd3 g6 6. Nxd4 cxd4 7. Ne2 d5 8. c3 dxe4 9. Bxe4 dxc3 10. Qa4+ Bd7 11. Qd4 Nf6 12. bxc3 Qc7 13. Bf3 Rd8 14. Rb1 b5 15. Qh4 Bf5 16. Ra1 Bd3 17. Qf4 Qb6 18. Nd4 Bg7 19. Qe3 Bc4 20. Ba3 O-O 21. Nc6 Qc7 22. Nxd8 Rxd8 23. Qc5 Qd7 24. Bc6 Qc7 25. Bf3 Qd7 26. Qc6 Qf5 27. Qc7 Rd7 28. Qe5 Qxe5+ 29. Be4 Bd5 30. Rb1 Bxe4 31. f4 Rb7 32. Kf2 Rb6 33. Rxb5 Bc2 34. Rd5 1-0

[Event "EWICC 2019"]
[Site "Antalya"]
[Date "2019.04.13"]
[Round "3.28"]
[White "Sebag, Marie"]
[Black "Rakhmangulova, Anastasiya"]
[Result "1-0"]
[WhiteElo "2461"]
[BlackElo "2255"]
[Annotator "ChessBase"]
[PlyCount "177"]
[EventDate "2019.04.11"]
[EventType "swiss"]
[EventCountry "TUR"]
[SourceTitle "playchess.com"]
[Source "ChessBase"]
[SourceQuality "1"]

1. e4 c5 2. Nf3 e6 3. c3 Nc6 4. d4 cxd4 5. cxd4 d5 6. Nc3 Bb4 7. Bd3 Nf6 8. exd5 Nxd5 9. Bd2 Be7 10. a3 O-O 11. O-O Bf6 12. Qc2 g6 13. Bh6 Re8 14. Rad1 Nxc3 15. bxc3 Qa5 16. Qb3 Rd8 17. Rfe1 Qd5 18. Qc2 Qa5 19. Qc1 Be7 20. Ng5 Bd7 21. d5 exd5 22. Qf4 Bxg5 23. Bxg5 Qxc3 24. Bxd8 Rxd8 25. Bb5 a6 26. Bxc6 Bxc6 27. Re3 Qc2 28. Qd4 Qa4 29. Qa1 Qf4 30. Rd4 Qf6 31. Qd1 a5 32. Qd2 a4 33. h4 h5 34. Qb4 Qd6 35. Qd2 Qf6 36. Rf3 Qe5 37. Rg3 Qf6 38. Re3 Qf5 39. Re7 Qf6 40. Qe3 Rf8 41. Re5 Qd8 42. g4 hxg4 43. Rxg4 Kg7 44. Rh5 Rh8 45. Qd4+ f6 46. Rhg5 Be8 47. Rxd5 Qe7 48. Qe3 Qxe3 49. fxe3 Bc6 50. Rd6 Rh5 51. Rf4 f5 52. Kf2 Rh8 53. Rc4 Kh6 54. Rc1 Rc8 55. Rd4 Re8 56. Rg1 Re6 57. Rgd1 Kh5 58. Rd6 Re4 59. R1d4 Re8 60. Rf6 Rg8 61. Rdd6 Be4 62. Kg3 Re8 63. Rf7 Kh6 64. Rdd7 Rh8 65. Kf4 Bc6 66. Rc7 Bd5 67. Rfe7 Bc6 68. Re6 Bd5 69. Ree7 Bc6 70. Ke5 Be4 71. Kf6 Rf8+ 72. Rf7 Rxf7+ 73. Rxf7 Kh5 74. Rh7+ Kg4 75. Ke5 Kf3 76. Kd4 Kg4 77. Rh8 Kg3 78. Rh6 Kg4 79. Rxg6+ Kxh4 80. Ke5 Kh3 81. Kf4 Kh2 82. Rg8 Kh3 83. Ra8 b5 84. Rb8 Bd3 85. Rd8 Be4 86. Rd2 Bb1 87. Rd5 b4 88. axb4 a3 89. Ra5 1-0

[Event "EWICC 2019"]
[Site "Antalya"]
[Date "2019.04.13"]
[Round "3.29"]
[White "Gajcin, Marina"]
[Black "Shuvalova, Polina"]
[Result "1/2-1/2"]
[WhiteElo "2247"]
[BlackElo "2457"]
[Annotator "ChessBase"]
[PlyCount "221"]
[EventDate "2019.04.11"]
[EventType "swiss"]
[EventCountry "TUR"]
[SourceTitle "playchess.com"]
[Source "ChessBase"]
[SourceQuality "1"]

1. e4 c5 2. Nf3 Nc6 3. d4 cxd4 4. Nxd4 e5 5. Nb5 d6 6. c4 Be7 7. N1c3 a6 8. Na3 Be6 9. Be2 Nd4 10. Nc2 Nxe2 11. Qxe2 Rc8 12. Ne3 Nf6 13. Bd2 O-O 14. O-O Nd7 15. Rac1 Bg5 16. Ncd5 g6 17. Kh1 Bh6 18. b3 Bg7 19. Bc3 Nc5 20. f3 f5 21. exf5 gxf5 22. Rfd1 Kh8 23. Ba1 Rf7 24. b4 Nd7 25. f4 Qh4 26. Qf3 Nf8 27. c5 e4 28. Bxg7+ Rxg7 29. Qe2 dxc5 30. Rxc5 Rxc5 31. bxc5 Kg8 32. Qb2 Rf7 33. Qe5 Qh6 34. Nc7 Qg7 35. Qxg7+ Kxg7 36. Nxe6+ Nxe6 37. g3 Nxc5 38. Rd5 Nd3 39. Rxf5 Rxf5 40. Nxf5+ Kf6 41. Nd4 b5 42. Kg2 b4 43. Nb3 Ke6 44. Kf1 Kd5 45. Ke2 h5 46. Ke3 Nb2 47. f5 Ke5 48. Nc5 Nd1+ 49. Kd2 Nc3 50. Nxa6 Nxa2 51. Nc5 Nc3 52. h3 Kxf5 53. g4+ hxg4 54. hxg4+ Kf4 55. g5 e3+ 56. Kd3 e2 57. Kd2 Kf3 58. g6 Nb1+ 59. Ke1 Ke3 60. Nb3 Na3 61. Nd4 b3 62. Nxe2 b2 63. Nc3 Kd3 64. g7 Kxc3 65. g8=Q b1=Q+ 66. Kf2 Qf5+ 67. Kg2 Qe4+ 68. Kh2 Nc4 69. Qg2 Qe7 70. Qg3+ Ne3 71. Kg1 Kd3 72. Kf2 Kd2 73. Qf4 Kd3 74. Qf3 Qh4+ 75. Qg3 Qh6 76. Kg1 Qc6 77. Kf2 Qh6 78. Kg1 Qh5 79. Qd6+ Ke4 80. Qc6+ Kf4 81. Qc7+ Kf3 82. Qb7+ Nd5 83. Qb3+ Ke4 84. Qb1+ Kd4 85. Qa1+ Nc3 86. Qa7+ Kd3 87. Qd7+ Ke3 88. Qa7+ Kd3 89. Qd7+ Ke2 90. Qe6+ Kd1 91. Qd6+ Nd5 92. Qd7 Ke1 93. Qe6+ Kd2 94. Qe4 Ne3 95. Qb4+ Ke2 96. Qb2+ Kf3 97. Qb7+ Kg3 98. Qc7+ Kg4 99. Qd7+ Kf3 100. Qb7+ Nd5 101. Qb3+ Kf4 102. Qb8+ Ke4 103. Qb1+ Kf4 104. Qc1+ Ke4 105. Qb1+ Kd4 106. Qa1+ Nc3 107. Qa7+ Kd3 108. Qd7+ Ke2 109. Qe6+ Kd2 110. Qd6+ Nd5 111. Qh2+ 1/2-1/2

[Event "EWICC 2019"]
[Site "Antalya"]
[Date "2019.04.13"]
[Round "3.30"]
[White "Rodshtein, Tereza"]
[Black "Balajayeva, Khanim"]
[Result "0-1"]
[WhiteElo "2234"]
[BlackElo "2358"]
[Annotator "NA"]
[PlyCount "86"]
[EventDate "2019.04.11"]
[EventType "swiss"]
[EventCountry "TUR"]
[SourceTitle "playchess.com"]
[Source "ChessBase"]
[SourceQuality "1"]

1. e4 c6 2. d4 d5 3. Nd2 dxe4 4. Nxe4 Nf6 5. Ng5 Bf5 6. Bc4 e6 7. Qe2 h6 8. N5f3 Nbd7 9. Bf4 Nb6 10. Bb3 Nbd5 11. Bd2 a5 12. a4 Qb6 13. O-O-O Bd6 14. Ne5 Bxe5 15. dxe5 Nd7 16. Nf3 Nc5 17. Bxd5 cxd5 18. Qb5+ Qxb5 19. axb5 Rc8 20. Kb1 Nb3 21. Bc3 b6 22. Rhe1 Rc4 23. Nd2 Nxd2+ 24. Rxd2 Kd7 25. Bd4 Rhc8 26. Rc1 Rb4 27. Ka2 Rxc2 28. Rcxc2 Bxc2 29. Rxc2 Ra4+ 30. Kb1 Rxd4 31. Rc6 Rd2 32. Rxb6 Rxf2 33. Rb7+ Kc8 34. Re7 d4 35. b3 d3 36. Kc1 Rxg2 37. Rxf7 Rxh2 38. Rxg7 h5 39. b6 h4 40. b7+ Kb8 41. Rd7 d2+ 42. Kc2 h3 43. Rh7 Rh1 0-1

[Event "EWICC 2019"]
[Site "Antalya"]
[Date "2019.04.13"]
[Round "3.31"]
[White "Toma, Katarzyna"]
[Black "Khukhashvili, Sopiko"]
[Result "1-0"]
[WhiteElo "2211"]
[BlackElo "2342"]
[Annotator "NA"]
[PlyCount "145"]
[EventDate "2019.04.11"]
[EventType "swiss"]
[EventCountry "TUR"]
[SourceTitle "playchess.com"]
[Source "ChessBase"]
[SourceQuality "1"]

1. e4 c5 2. Nc3 Nc6 3. Bb5 e5 4. d3 Nge7 5. f4 a6 6. Bc4 exf4 7. Bxf4 Ng6 8. Bg3 d6 9. Nf3 Be7 10. O-O O-O 11. Nd5 b5 12. Bb3 Be6 13. a4 Rc8 14. axb5 axb5 15. c3 b4 16. Ra6 bxc3 17. bxc3 Bg4 18. Nxe7+ Qxe7 19. Qd2 Be6 20. Qa2 Bxb3 21. Qxb3 Nce5 22. Qd5 Rfd8 23. h3 h6 24. Kh2 Qc7 25. Nd2 Ne7 26. Qa2 N7c6 27. Nc4 Rb8 28. Ne3 Qb7 29. Nf5 Kh7 30. Nxd6 Rxd6 31. Bxe5 Re6 32. Bxb8 Nb4 33. cxb4 Rxa6 34. Qxf7 Qxb8+ 35. Kh1 cxb4 36. Qf5+ Rg6 37. Rb1 Qg3 38. Qf3 Qd6 39. Rb3 Qc5 40. Rb1 Qc3 41. Qd1 Rg3 42. Rb3 Qd4 43. Qd2 Qa1+ 44. Kh2 Qe5 45. Kg1 Qd4+ 46. Kh2 Qe5 47. Qb2 Qf4 48. Kg1 Qg5 49. Kh2 Qh4 50. Qe5 Rg5 51. g3 Qh5 52. Qb2 Qd1 53. d4 Qe1 54. Qc2 h5 55. Rf3 h4 56. e5+ Rg6 57. g4 b3 58. Rxb3 Qf1 59. Qd2 Qc4 60. Rf3 Qd5 61. Rf2 Rc6 62. Qd3+ Kg8 63. Rb2 Rc8 64. g5 Qf7 65. Qe3 Qf5 66. Rf2 Qb1 67. Qf3 Rc1 68. Qf7+ Kh8 69. Qf8+ Kh7 70. Qf3 Qa1 71. Qf5+ Kh8 72. Qe4 Rd1 73. Rf8# 1-0

[Event "EWICC 2019"]
[Site "Antalya"]
[Date "2019.04.13"]
[Round "3.32"]
[White "Doluhanova, Evgeniya"]
[Black "Paramzina, Anastasya"]
[Result "1/2-1/2"]
[WhiteElo "2339"]
[BlackElo "2214"]
[Annotator "NA"]
[PlyCount "111"]
[EventDate "2019.04.11"]
[EventType "swiss"]
[EventCountry "TUR"]
[SourceTitle "playchess.com"]
[Source "ChessBase"]
[SourceQuality "1"]

1. e4 c5 2. Nf3 d6 3. d4 cxd4 4. Nxd4 Nf6 5. Nc3 a6 6. Be2 e5 7. Nb3 Be7 8. Be3 Be6 9. Nd5 Nbd7 10. Qd3 Bxd5 11. exd5 O-O 12. O-O Rc8 13. c4 Ne8 14. f4 g6 15. f5 Bg5 16. Rac1 Ng7 17. g4 a5 18. a4 Bf4 19. Rc3 Kh8 20. Bxf4 exf4 21. Qd4 gxf5 22. Rxf4 Re8 23. Bf1 fxg4 24. Rxg4 Ne5 25. Rf4 Rg8 26. Kh1 Nh5 27. Rf5 Rg5 28. Bh3 Ra8 29. Rcf3 Qg8 30. Rxg5 Qxg5 31. Rf5 Qg6 32. Nd2 Rg8 33. Rf1 f6 34. Qf2 Nd3 35. Qf3 Nhf4 36. Be6 Qg2+ 37. Qxg2 Rxg2 38. Ne4 Re2 39. Nxd6 Nxe6 40. dxe6 Rxe6 41. Nxb7 Nxb2 42. c5 Nxa4 43. Rf4 Nb2 44. Nxa5 Re1+ 45. Kg2 Rc1 46. Nb3 Rc3 47. Nd4 Rxc5 48. Rxf6 Kg7 49. Rf2 Rg5+ 50. Kf1 Nd3 51. Ne6+ Kg6 52. Nf8+ Kg7 53. Ne6+ Kg6 54. Nxg5 Nxf2 55. Nxh7 Kxh7 56. Kxf2 1/2-1/2

[Event "EWICC 2019"]
[Site "Antalya"]
[Date "2019.04.13"]
[Round "3.33"]
[White "Janzelj, Lara"]
[Black "Protopopova, Anastasiya"]
[Result "1-0"]
[WhiteElo "2182"]
[BlackElo "2308"]
[Annotator "NA"]
[PlyCount "65"]
[EventDate "2019.04.11"]
[EventType "swiss"]
[EventCountry "TUR"]
[SourceTitle "playchess.com"]
[Source "ChessBase"]
[SourceQuality "1"]

1. d4 Nf6 2. Nf3 e6 3. e3 b6 4. Bd3 Bb7 5. O-O c5 6. b3 g6 7. Bb2 Bg7 8. Nbd2 Nc6 9. dxc5 bxc5 10. Ne4 d6 11. Be2 Nxe4 12. Bxg7 Rg8 13. Bb2 g5 14. Nd2 Nxd2 15. Qxd2 Qe7 16. a3 a5 17. Bb5 Kf8 18. Rfd1 Rd8 19. e4 Rg6 20. b4 d5 21. exd5 Rxd5 22. Qe3 Nd4 23. c4 Rd8 24. bxc5 Nxb5 25. cxb5 Bd5 26. a4 Rh6 27. c6 Kg8 28. Rac1 Qf8 29. c7 Rc8 30. b6 Bb7 31. Ba3 Qe8 32. Rd8 Rxd8 33. Qxg5+ 1-0

[Event "EWICC 2019"]
[Site "Antalya"]
[Date "2019.04.13"]
[Round "3.34"]
[White "Tomilova, Elena"]
[Black "Kejzar, Petra"]
[Result "1-0"]
[WhiteElo "2307"]
[BlackElo "2082"]
[Annotator "NA"]
[PlyCount "82"]
[EventDate "2019.04.11"]
[EventType "swiss"]
[EventCountry "TUR"]
[SourceTitle "playchess.com"]
[Source "ChessBase"]
[SourceQuality "1"]

1. e4 c5 2. Nf3 e6 3. d4 cxd4 4. Nxd4 Nc6 5. Nc3 Qc7 6. Be3 a6 7. a3 b5 8. Nxc6 Qxc6 9. Be2 Bb7 10. O-O Ne7 11. Bf3 Ng6 12. e5 Qc7 13. Bxb7 Qxb7 14. Qd4 Rc8 15. Rad1 Rc4 16. Qd2 Nxe5 17. b3 Rc8 18. Bd4 Nc6 19. Rfe1 h5 20. Re2 Rh6 21. Ne4 Nxd4 22. Qxd4 Rg6 23. Qe5 Rc5 24. Qf4 f5 25. Ng5 Be7 26. h4 Qc7 27. Qf3 Bxg5 28. Qxh5 Kf7 29. hxg5 Rc6 30. f4 d5 31. g3 Qb6+ 32. Kg2 d4 33. Qf3 Rc3 34. Rd3 Rc7 35. Qf2 Rd7 36. Red2 e5 37. fxe5 Rxg5 38. Rxd4 Qc6+ 39. Qf3 Rxd4 40. Rxd4 Ke6 41. Rd6+ Kxe5 1-0

[Event "EWICC 2019"]
[Site "Antalya"]
[Date "2019.04.13"]
[Round "3.35"]
[White "Trippold, Denise"]
[Black "Lubbe, Melanie"]
[Result "1/2-1/2"]
[WhiteElo "2158"]
[BlackElo "2304"]
[Annotator "NA"]
[PlyCount "112"]
[EventDate "2019.04.11"]
[EventType "swiss"]
[EventCountry "TUR"]
[SourceTitle "playchess.com"]
[Source "ChessBase"]
[SourceQuality "1"]

1. d4 Nf6 2. c4 c5 3. d5 g6 4. Nc3 Bg7 5. e4 d6 6. h3 O-O 7. Nf3 e5 8. Be3 Na6 9. g4 Nc7 10. Nd2 a6 11. Be2 Nfe8 12. h4 f5 13. gxf5 gxf5 14. exf5 Bxf5 15. Bg4 Qd7 16. Rg1 b5 17. Qe2 Rb8 18. O-O-O bxc4 19. Bxf5 Rxf5 20. Nxc4 Nb5 21. Ne4 Kh8 22. Ng5 Nd4 23. Bxd4 cxd4 24. Qg4 Qc8 25. b3 Bh6 26. f4 Ng7 27. Rdf1 Bxg5 28. hxg5 Qf8 29. Rh1 Rxf4 30. Rxf4 Qxf4+ 31. Qxf4 exf4 32. Nxd6 Kg8 33. Ne4 Rd8 34. Rh4 Ne8 35. Rxf4 Rxd5 36. Kd2 Kg7 37. Kd3 a5 38. Rh4 a4 39. bxa4 Ra5 40. Kxd4 Rxa4+ 41. Ke5 Rxa2 42. Nf6 Ra5+ 43. Kf4 Nxf6 44. gxf6+ Kg6 45. Kg3 Rg5+ 46. Rg4 h6 47. Rxg5+ hxg5 48. Kg4 Kxf6 49. Kg3 Kf5 50. Kf3 g4+ 51. Kg3 Kg5 52. Kg2 Kf4 53. Kf2 g3+ 54. Kg2 Kg4 55. Kg1 Kf3 56. Kf1 g2+ 1/2-1/2

[Event "EWICC 2019"]
[Site "Antalya"]
[Date "2019.04.13"]
[Round "3.36"]
[White "Zubova, Mariya"]
[Black "Osmanodja, Filiz"]
[Result "0-1"]
[WhiteElo "2149"]
[BlackElo "2292"]
[Annotator "NA"]
[PlyCount "81"]
[EventDate "2019.04.11"]
[EventType "swiss"]
[EventCountry "TUR"]
[SourceTitle "playchess.com"]
[Source "ChessBase"]
[SourceQuality "1"]

1. e4 c5 2. c3 d5 3. exd5 Qxd5 4. d4 g6 5. Nf3 Bg7 6. Na3 cxd4 7. Bc4 Qe4+ 8. Be3 Nh6 9. cxd4 O-O 10. O-O Nf5 11. Re1 Qg4 12. h3 Qh5 13. Bf4 Nc6 14. Be2 Bh6 15. Ng5 Qh4 16. g3 Bxg5 17. gxh4 Bxf4 18. d5 Rd8 19. Qa4 Ncd4 20. Nb5 Bd7 21. Rad1 e5 22. Qb4 a5 23. Qc5 b6 24. Qxb6 Rdb8 25. Qc7 Bxb5 26. Bxb5 Nxb5 27. Qc4 Nbd4 28. Kf1 Rxb2 29. Rb1 Rc2 30. Qa4 Bg3 31. Qxc2 Nxc2 32. Rec1 Nce3+ 33. fxe3 Nxe3+ 34. Ke2 Nxd5 35. h5 Bf4 36. Rc5 Nf6 37. hxg6 hxg6 38. Rb7 Ne4 39. Rcc7 Nd6 40. Ra7 Rb8 41. Rxa5 0-1

[Event "EWICC 2019"]
[Site "Antalya"]
[Date "2019.04.13"]
[Round "3.37"]
[White "Babiy, Olga"]
[Black "Petrenko, Svetlana"]
[Result "1-0"]
[WhiteElo "2289"]
[BlackElo "2155"]
[Annotator "NA"]
[PlyCount "153"]
[EventDate "2019.04.11"]
[EventType "swiss"]
[EventCountry "TUR"]
[SourceTitle "playchess.com"]
[Source "ChessBase"]
[SourceQuality "1"]

1. e4 e5 2. Nf3 Nc6 3. Bb5 a6 4. Ba4 Nf6 5. O-O b5 6. Bb3 Be7 7. Re1 O-O 8. h3 d6 9. c3 Na5 10. Bc2 c5 11. d4 Nc6 12. d5 Na5 13. Nbd2 Ne8 14. b4 Nb7 15. Qe2 Bd7 16. a4 cxb4 17. cxb4 a5 18. axb5 axb4 19. Rb1 Qa5 20. Bd3 Nc5 21. Nc4 Qxb5 22. Ncxe5 Qb6 23. Nxd7 Nxd7 24. Bb5 Nc5 25. Rxb4 Nf6 26. Be3 Rfb8 27. Rbb1 Ra5 28. Bd3 Qc7 29. Rxb8+ Qxb8 30. Nd4 Nxd3 31. Qxd3 Bf8 32. Nc6 Qb5 33. Qxb5 Rxb5 34. Bd4 Nd7 35. Ra1 Rb7 36. Ra8 f6 37. h4 h5 38. Bc3 Nb6 39. Ra1 Nc4 40. Ra4 Ne5 41. Bxe5 Rb1+ 42. Kh2 fxe5 43. Ra7 Rb2 44. f3 g6 45. Rd7 Ra2 46. Nd8 Ra6 47. Kh3 Rb6 48. g4 Ra6 49. g5 Ra8 50. Kg3 Be7 51. Nb7 Kf8 52. Nxd6 Ra1 53. Nc4 Rg1+ 54. Kh2 Bc5 55. Nxe5 Rf1 56. Nd3 Be3 57. d6 Rd1 58. Rd8+ Kg7 59. Rd7+ Kf8 60. Nb4 Bf4+ 61. Kg2 Bxd6 62. Nd5 Rd2+ 63. Kf1 Bg3 64. Kg1 Bh2+ 65. Kh1 Bg3 66. Rb7 Bxh4 67. Nf4 Ke8 68. Nxg6 Bxg5 69. f4 Bd8 70. Rh7 Rd4 71. e5 h4 72. Kg2 Rd2+ 73. Kh3 Rd3+ 74. Kg4 Rg3+ 75. Kf5 Ba5 76. Rxh4 Bd2 77. Rh8+ 1-0

[Event "EWICC 2019"]
[Site "Antalya"]
[Date "2019.04.13"]
[Round "3.38"]
[White "Caglar, Sila"]
[Black "Exler, Veronika"]
[Result "1/2-1/2"]
[WhiteElo "2140"]
[BlackElo "2289"]
[Annotator "NA"]
[PlyCount "122"]
[EventDate "2019.04.11"]
[EventType "swiss"]
[EventCountry "TUR"]
[SourceTitle "playchess.com"]
[Source "ChessBase"]
[SourceQuality "1"]

1. e4 c6 2. c4 d5 3. exd5 cxd5 4. d4 Nf6 5. Nc3 Nc6 6. Nf3 Be6 7. Bg5 g6 8. Bxf6 exf6 9. Be2 Bg7 10. O-O O-O 11. a3 g5 12. Rc1 Ne7 13. c5 g4 14. Ne1 f5 15. Nc2 Nc6 16. f3 Qg5 17. Qd3 g3 18. f4 gxh2+ 19. Kxh2 Qh4+ 20. Kg1 Bh6 21. g3 Qf6 22. Kf2 Bg7 23. Rcd1 b6 24. cxb6 axb6 25. Bf3 Rfd8 26. Ne2 Bc8 27. b4 Qd6 28. Ne3 Ne7 29. Rc1 Bd7 30. Rc3 Rdc8 31. Rfc1 Rxc3 32. Rxc3 Rc8 33. Rxc8+ Bxc8 34. Nc3 Be6 35. Ne2 Bd7 36. Qb3 Be6 37. Qa4 Nc6 38. Qa8+ Bf8 39. Qb7 Ne7 40. Nc3 Qc6 41. Qxc6 Nxc6 42. Nexd5 Bg7 43. Nb5 Nxd4 44. Ndc7 Bd7 45. Nd6 Nc2 46. Bd5 Nxa3 47. Nxf7 Kf8 48. Ne5 Ke7 49. Na8 Kd6 50. Nxb6 Bxe5 51. fxe5+ Kxe5 52. Bg8 Bb5 53. Bxh7 Nc2 54. g4 Bd3 55. Nd7+ Kf4 56. gxf5 Bxf5 57. Bxf5 Kxf5 58. b5 Ke6 59. Nc5+ Kd6 60. b6 Nd4 61. Ke3 Nb3 1/2-1/2